000 00747cab a2200229 4500
001 ABS59464
008 090401t1998 xxu||||| |||| 00| 0 eng d
035 _a(Sirsi) u89475
041 _aeng
100 _aJanzen, C.
245 _aLook at corporate powers before you lend
260 _c1998
350 _a0
490 _aProperty Week
_v63(27) 30 October 1998, 37(1)
520 _aWarns that a lender should make enquiries into a borrower`s or guarantor`s corporate powers, despite the popular and incorrect belief that this is restricted by statute.
650 _aCOMPANIES ACT 1985
650 _aGUARANTORS
650 _aPROPERTY LENDING
690 _aPROPERTY-PROPERTY FINANCE AND INVESTMENT
942 _n0
948 _c04/11/1998
999 _c56614
_d56614